000 00442nam a2200181Ia 4500
001 20480
005 20260306172809.0
008 260306t2005||||xx |||||||||||||| ||spa||
041 _aESP
082 _a343.3
_bG24
100 _aGarcía Toma, Víctor
_eAUT
245 0 _aTeoría del estado y derecho constitucional
260 _c2005
300 _a711 páginas :
_c24 cm.
650 _aGEN
654 _aCDE
942 _cLIB
_dJUS
_fJUS
_2ddc
_n
999 _c20480
_d20480